LEADER 00672nab a2200133 i 4500 001 000000327661 003 CaOOAMICUS 005 20180831173546.0 008 180831n it uu u0 0ita r 013 $a39249 040 $aSeMil$bita 245 10$aGiovani e Quaresima. Contenuti e proposte per accompagnare la preghiera e prepararsi con cura alla Pasqua di Gesù. Le proposte... - In [rubrica] :$bPastorale giovanile. 773 0 $tPapa ai futuri preti.$gp.22-23$w()290690 996 $6245$aGiovani e Quaresima. Contenuti e proposte per accompagnare la preghiera e prepararsi con cura alla Pasqua di Gesù. Le proposte... - In [rubrica] :$bPastorale giovanile.$9(OLS)http://semarc/title/416276 LEADER 00695naa a2200169 i 4500 001 000000307006 003 CaOOAMICUS 005 20180831172908.0 008 180831n xx u000 u fre u 013 $a15593 040 $aSeMil$bita 100 1 $aPrétot, Patrick,$c.$0(OLS)http://semarc/name/81235 245 14$a"La fontaine au milieu du village". 650 4$aLiturgia - Teologia.$0(OLS)http://semarc/subject/12266 650 4$aSacramenti - Teologia cattolica.$0(OLS)http://semarc/subject/113 773 0 $tThéologiens.$dParis : Bayard, 2009.$kPour qui? Pour quoi?$z978-2-227-47884-8$gp.163-168$w()135273 996 $6245$a"La fontaine au milieu du village"$9(OLS)http://semarc/title/382407